000
00248nam a22000977a 4500
999
_c
11791
_d
11791
008
200217b ||||| |||| 00| 0 eng d
020
_a
0439210674
100
_a
Lucado Max
_9
7460
245
_a
Just the Way You Are
260
_a
New York
_b
Scholastic
_c
2000